000 00518nam a2200145 a 4500
008 120416s1995 ||||||||||||||||| || u
020 _a0748717838
050 _aHF 5415 Pag
100 _aPage, Stephen
245 1 0 _aIntroductory marketing
260 _aCheltenham
_bStanley Thornes
_c1995
350 _a0.00
650 0 _aMARKETING--MANAGEMENT--CASE STUDIES
995 _D0.00
_FCBU-MAIN LIBRARY (Kitwe)
_H1
_I13.99
_M1
_UAVAILABLE
_ZMain Library Open Access Collection
999 _c48112
_d48112